|
|
|
|
| LEADER |
00000nam0a2200000 4500 |
| 001 |
373815 |
| 005 |
20231101050907.0 |
| 010 |
|
|
|a 5835502672
|
| 035 |
|
|
|a (RuTPU)RU\TPU\retro\31246
|
| 035 |
|
|
|a RU\TPU\book\249128
|
| 090 |
|
|
|a 373815
|
| 100 |
|
|
|a 20221216d1990 m y0rusy50 ca
|
| 101 |
0 |
|
|a rus
|
| 102 |
|
|
|a KG
|
| 105 |
|
|
|a a z 001zy
|
| 200 |
1 |
|
|a Стратиграфия силура южного Тянь-Шаня
|f Р. Е. Риненберг
|
| 210 |
|
|
|a Фрунзе
|c Илим
|d 1990
|
| 215 |
|
|
|a 132 с.
|c ил.
|
| 320 |
|
|
|a Библиогр.: с. 124-130.
|
| 610 |
1 |
|
|a стратиграфия
|
| 610 |
1 |
|
|a силур
|
| 610 |
1 |
|
|a Тянь-Шань
|
| 610 |
1 |
|
|a Киргизия
|
| 610 |
1 |
|
|a структурно-фациальное строение
|
| 610 |
1 |
|
|a биостратиграфия
|
| 675 |
|
|
|a 551.733.3
|v 3
|
| 700 |
|
1 |
|a Риненберг
|b Р. Е.
|g Ринела Ефимовна
|
| 712 |
0 |
2 |
|a Академия наук Киргизской ССР (АН КиргССР)
|b Институт геологии
|2 stltpush
|3 (RuTPU)RU\TPU\col\11377
|
| 801 |
|
1 |
|a RU
|b 63413507
|c 20121220
|
| 801 |
|
2 |
|a RU
|b 63413507
|c 20221216
|g RCR
|
| 942 |
|
|
|c BK
|